000 00418nam a22001577a 4500
003 OSt
005 20260410064843.0
008 260410b |||||||| |||| 00| 0 eng d
040 _cDLC
050 _a270.82
_bM478P
082 _a270.82
_bM478P
245 _aPeople Of The Spirit:
_bthe assemblies of God/
_cby Gary B. McGee
260 _aMissouri:
_bGospel Publishing House,
_c2004.
300 _a661p.
942 _2ddc
_cBK
999 _c11617
_d11617